| 000 | 01207nam a22003014a 4500 | ||
|---|---|---|---|
| 001 | ebr10142418 | ||
| 003 | CaPaEBR | ||
| 006 | m u | ||
| 007 | cr cn||||||||| | ||
| 008 | 000111s2001 nyua sb 001 0 eng | ||
| 010 | _z 00020608 | ||
| 020 | _z0195124626 | ||
| 040 |
_aCaPaEBR _cCaPaEBR |
||
| 035 | _a(OCoLC)191935851 | ||
| 050 | 1 | 4 |
_aMT875 _b.D46 2001eb |
| 082 | 0 | 4 |
_a782.5/1423/071 _221 |
| 100 | 1 | _aDemorest, Steven M. | |
| 245 | 1 | 0 |
_aBuilding choral excellence _h[electronic resource] : _bteaching sight-singing in the choral rehearsal / _cSteven M. Demorest. |
| 260 |
_aNew York : _bOxford University Press, _c2001. |
||
| 300 |
_axii, 177 p. : _bill. |
||
| 504 | _aIncludes bibliographical references (p. 169-173) and index. | ||
| 533 |
_aElectronic reproduction. _bPalo Alto, Calif. : _cebrary, _d2013. _nAvailable via World Wide Web. _nAccess may be limited to ebrary affiliated libraries. |
||
| 650 | 0 |
_aChoral singing _xInstruction and study. |
|
| 650 | 0 | _aSight-singing. | |
| 655 | 7 |
_aElectronic books. _2local |
|
| 710 | 2 | _aebrary, Inc. | |
| 856 | 4 | 0 |
_uhttp://site.ebrary.com/lib/rucke/Doc?id=10142418 _zAn electronic book accessible through the World Wide Web; click to view |
| 999 |
_c90683 _d90683 |
||